00798nam a22002297a 450000500170000001000130001702000260003003500130005603700160006904000120008508200130009724500700011026000350018027000490021530000230026450000190028765000550030665000390036194200220040099900190042295201270044120170124110115.0 aB-181252 c450.00a9788174790545 aB-181252 bCen Lib/Ret aDPLbEN a921bLEG aLengendary Biju :cedited by K. P. Mohantybthe man and mission / aNew Delhi bKaveri Booksc2002 a4697/5-21 A, Ansari RoadbNew Delhi e110002 ax,262p. c22cm(Hb) aIncludes index aPoliticians -- India -- Odisha -- Biography929878 aOdisha (India) -- Biography929879 2ddccENh921mLEG c130701d130701 00104070aLbLd2015-07-10eCen Lib/Ret g450.00l0o921 LEGpB-181252r2015-07-10 00:00:00t1v450.00w2015-07-10yEN